טוען...

Eloise illu by Hilary Knight /

מידע ביבליוגרפי
מחבר ראשי: Thompson, Kay
שפה:Undetermined
יצא לאור: 1957.
LEADER 00360nam a2200121Ia 4500
001 30500
008 170722s9999 xx 000 0 und d
100 |a Thompson, Kay 
245 |a Eloise illu by Hilary Knight / 
260 |c 1957. 
942 |c GEN 
999 |c 48932  |d 48932 
952 |0 0  |1 0  |4 0  |6 NP_R3X_J7  |7 0  |9 69254  |a LIB  |b LIB  |d 2017-08-12  |o NP(R)3x J7  |p 60925  |r 2017-08-12  |w 2017-08-12  |y GEN